9-Letter Vocabulary (Easy) Quiz Stats

 Plays Quiz Updated Dec 3, 2016

Support Sporcle.
Go Orange.
Score 0/25 Timer 03:00
2 Plays Today
% Correct
badminton
94.9%
nightmare
94.7%
lunchtime
94.6%
immigrate
94.6%
filmmaker
94.6%
newswoman
94.5%
tarantula
94.5%
crossword
94.4%
waistline
94.4%
bellyache
94.3%
cafeteria
94.1%
orchestra
94.2%
blueprint
94%
% Correct
therapist
93.9%
xylophone
93.9%
negotiate
93.4%
transform
92.7%
pollution
92.3%
germproof
92.3%
stressful
91.9%
unnatural
91.5%
squeamish
91.5%
equipment
91%
spiritual
90.5%
zombified
86.1%

You're not logged in!

Compare scores with friends on all Sporcle quizzes.
OR
Log In

From the Vault

7 to 1: Motown Top 5 Hits

by DesertSpartan

Mo Towns, Mo Problems? Or is that not how this works?
Remove Ads.
Support Sporcle.
Get the best of Sporcle when you Go Orange. This ad-free experience offers more features, more stats, and more fun while also helping to support Sporcle. Thank you for becoming a member.

Show Comments

Extras

Top Quizzes Today


Score Distribution

Your Account Isn't Verified!

In order to create a playlist on Sporcle, you need to verify the email address you used during registration. Go to your Sporcle Settings to finish the process.

Report this User

Report this user for behavior that violates our Community Guidelines.

Details: